Estructura y funcionamiento de la vegetación de los ecosistemas de sabanas en la Orinoquía colombiana. (Registro nro. 17439)

Detalles MARC
000 -CABECERA
Campo de control 01337nam a22003257a 4500
005 - FECHA Y HORA DE LA ULTIMA TRANSACCION
Campo de control 20191224042210.0
008 - ELEMENTOS DE LONGITUD FIJA—INFORMACION GENERAL
Campo de control 140113b1996 ck ||||fr||||a00| 0 spa d
040 ## - FUENTE DE CATALOGACIÓN
Agencia catalogadora original CO-BoIAVH
Agencia transcriptora CO-BoIAVH
041 ## - IDIOMA
Código de idioma para texto/pista de sonido o título separado Español
044 ## - PAÍS DE PUBLICACIÓN
País de publicación Colombia
082 04 - NUMERO DE CLASIFICACION DECIMAL DEWEY
Número de clasificación 577.4808619
Número del ítem C37e
090 ## - CLASIFICACIÓN LOCAL
Colección LB
Consecutivo 00049
100 1# - ASIENTO PRINCIPAL--NOMBRE PERSONAL
Nombre personal Cavelier, Jaime
245 10 - MENCION DE TITULO
Título Estructura y funcionamiento de la vegetación de los ecosistemas de sabanas en la Orinoquía colombiana.
Mención de responsabilidad Jaime Cavelier, Johanna Santamaría y María. T. Pulido
260 ## - PUBLICACION, DISTRIBUCION, ETC. (PIE DE IMPRENTA)
Lugar de publicación, distribución, etc. Bogotá:
Nombre del editor, distribuidor, etc. Ideam,
-- Universidad de los Andes, Departamento de Ciencias Biológicas,
Fecha de publicación, distribución, etc. 1996.
300 ## - DESCRIPCION FISICA
Extensión 205 p.
Dimensiones 28 cm.
500 ## - NOTA GENERAL
Nota general Contrato No. 11.S0106-0-95 entre la Universidad de los Andes y el Ideam.
500 ## - NOTA GENERAL
Nota general Disponible en fotocopia solo para consulta en sala. No se permite su reproducción parcial ni total.
650 ## - ASIENTO SECUNDARIO DE MATERIA - TERMINO TEMATICO
Término temático o nombre geográfico como elemento de entrada Sabanas naturales
Subdivisión geográfica Orinoquía (Región)
-- Colombia
650 ## - ASIENTO SECUNDARIO DE MATERIA - TERMINO TEMATICO
Término temático o nombre geográfico como elemento de entrada Ecología de sabanas
Subdivisión geográfica Orinoquía (Región)
-- Colombia
650 ## - ASIENTO SECUNDARIO DE MATERIA - TERMINO TEMATICO
Término temático o nombre geográfico como elemento de entrada Ecosistemas terrestres
650 ## - ASIENTO SECUNDARIO DE MATERIA - TERMINO TEMATICO
Término temático o nombre geográfico como elemento de entrada Ecología de ecosistemas
650 ## - ASIENTO SECUNDARIO DE MATERIA - TERMINO TEMATICO
Término temático o nombre geográfico como elemento de entrada Sabana estacional
650 ## - ASIENTO SECUNDARIO DE MATERIA - TERMINO TEMATICO
Término temático o nombre geográfico como elemento de entrada Sabana hiperestacional
650 ## - ASIENTO SECUNDARIO DE MATERIA - TERMINO TEMATICO
Término temático o nombre geográfico como elemento de entrada Sabana estereo
662 ## - ASIENTO SECUNDARIO DE MATERIA - JERARQUIA DEL NOMBRE DE LUGAR(
País o entidad mayor Colombia
700 1# - ASIENTO SECUNDARIO - NOMBRE PERSONAL
Nombre personal Santamaría, Johanna
700 1# - ASIENTO SECUNDARIO - NOMBRE PERSONAL
Nombre personal Pulido, María T.
942 ## - ELEMENTOS ADICIONALES (KOHA)
Tipo de ítem Libro
Sistema de clasificación Dewey Decimal Classification
Existencias
Withdrawn status Lost status Sistema de Clasificación Damaged status No para préstamo Colección Inventariado Ubicación Permanente Ubicación actual Fecha de adquisición Fuente de Valor Valor Total Checkouts Número topográfico Inventario / Código de Barras Date last seen Ejemplar Price effective from Forma de adquisición Tipo de material Public note
    Dewey Decimal Classification     General Inventariado 2017 Bogotá Bogotá 17/04/2015 Instituto 39000.00   LB-577.4808619 C37e 039005 17/04/2015 Ej. 1 17/04/2015   Libro Disponible en fotocopia solamente para consulta en sala